| 000 | 00647nam a2200205Ii 4500 | ||
|---|---|---|---|
| 003 | JO-AjNU | ||
| 008 | 230605s9999||||xx |||||||||||||| ||und|| | ||
| 017 | _a1982/102 | ||
| 040 |
_aJO-AjNU _bara _erda _cJO-AjNU |
||
| 041 | _aara | ||
| 050 | 1 | 4 | _aGV837.D5 1982 |
| 100 | 3 |
_aتاليف بلال، ضياء حسن, _eauthor _934715 |
|
| 245 | 0 | 0 | _aالأسس الفنية لتعليم السباحة |
| 264 | 3 | 1 | _aبغداد: د.ن، 1982 |
| 300 |
_a148ص _bصور توضبحية |
||
| 336 |
_atext _btxt _2rdacontent |
||
| 337 |
_aunmediated _bn _2rdamedia |
||
| 338 |
_avolume _bnc _2rdacarrier |
||
| 650 | 4 |
_aالسباحة - تعليم _934716 |
|
| 999 |
_aA14262 _c17830 _d17830 |
||